Pays, État des États-Unis ou les deux ? - Statistiques

Statistiques générales
  • Ce quiz a été pris 432 fois
    403 depuis la dernière actualisation
  • Le résultat moyen est 28 sur 30
Statistiques - réponses
Question Réponse % Correct
Colorado État des États-Unis
99%
Oklahoma État des États-Unis
97%
Illinois État des États-Unis
97%
Yémen Pays du monde
97%
Togo Pays du monde
97%
Andorre Pays du monde
97%
Kansas État des États-Unis
96%
Idaho État des États-Unis
96%
Virginie État des États-Unis
96%
Jordanie Pays du monde
96%
Saint-Marin Pays du monde
96%
Oman Pays du monde
96%
Sri Lanka Pays du monde
96%
Kosovo Pays du monde
96%
Arménie Pays du monde
96%
Montana État des États-Unis
94%
Delaware État des États-Unis
94%
Tuvalu Pays du monde
94%
Botswana Pays du monde
94%
Palaos Pays du monde
94%
Dakota du Sud État des États-Unis
93%
Maine État des États-Unis
93%
Nouveau-Mexique État des États-Unis
92%
Panama Pays du monde
92%
Macédoine du Nord Pays du monde
92%
Bahamas Pays du monde
92%
Hawaï État des États-Unis
90%
Géorgie Les deux
90%
Pennsylvanie État des États-Unis
89%
Liberia Pays du monde
87%
Aucun quiz correspondant
Distribution des résultats
% des personnes avec chaque résultat
Percentile par nombre de réponses
Votre historique - résultats
Vous n’avez pas pris ce quiz depuis la dernière actualisation